| 000 | 00429nam a22001217a 4500 | ||
|---|---|---|---|
| 082 | _a200 THE | ||
| 100 |
_aNIDA RASHEED _972709 |
||
| 245 | _aTH-SOF-0837-TRACKING AND ABNORMAL BEHAVIOR DETECTION IN VIDEO SURVEILLANCE USING OPTICAL FLOW AND NEURAL NETWORKS | ||
| 260 |
_aISLAMABAD _bNUST COLLEGE OF EME _c2013 |
||
| 650 |
_a MS-COMPUTER ENGINEERING-65 MSTHESIS _970198 |
||
| 700 |
_aSUPERVISOR DR SHOAB A KHAN _969958 |
||
| 942 | _cCF | ||
| 999 |
_c578702 _d578702 |
||